Domáca starostlivosť - najlepšie riešenie

Problematika riešenia sociálnych služieb a starostlivosti o starých občanov. Impelementácia inovatívnych foriem starostlivosti o seniorov v slovenských podmienkach. Anketa riaditeľov odborov sociálnych vecí v súvislosti s touto problematikou.

Salvato in:
Dettagli Bibliografici
Autore principale: Krištofičová, Dagmar
Natura: Capitolo di libro
Lingua:slovacco
Soggetti:
Tags: Aggiungi Tag
Nessun Tag, puoi essere il primo ad aggiungerne!!

MARC

LEADER 00000naa a2200000 4500
001 0183480
005 20231005103721.4
041 0 |a slo 
044 |a SK 
245 1 0 |a Domáca starostlivosť - najlepšie riešenie  |c Dagmar Krištofičová 
520 |a Problematika riešenia sociálnych služieb a starostlivosti o starých občanov. Impelementácia inovatívnych foriem starostlivosti o seniorov v slovenských podmienkach. Anketa riaditeľov odborov sociálnych vecí v súvislosti s touto problematikou. 
610 2 0 |a politika sociálna 
610 2 0 |a služby starostlivosti sociálnej 
610 2 0 |a seniori 
610 2 0 |a pomoc sociálna 
610 2 0 |a mestá 
610 2 0 |a obce 
610 2 0 |a ankety 
100 1 |a Krištofičová, Dagmar